000 00763nam a2200205 a 4500
001 000291545
003 AM-YeHGA
005 20250618071908.0
008 031208s1920 tu 000 | arm d
040 _aAM-YeHGA
041 0 _aarm
100 1 _aՇիրվանզադե, Ալեքսանդր Մինասի,
_d1858-1935
_91334
245 1 0 _aՆամուս :
_bԴրամա չորս արարուածով /
_cՇիրվանզադէ.
250 _aII տպագրութ.
260 _aԿ. Պոլիս :
_bտպ. Սանճագճեան,
_c1920.
300 _a106 էջ ;
_c18 սմ.
500 _aՓոխադրուած հեղինակին ձեռքով իւր նոյնանուն վէպից
650 1 4 _aՀայ գրականություն
_xԹատերգություն
090 _c107995
999 _c106669
_d106669